|
|
|
|
| LEADER |
00000cam a22000004a 4500 |
| 001 |
musev2_6006 |
| 003 |
MdBmJHUP |
| 005 |
20230905040717.0 |
| 006 |
m o d |
| 007 |
cr||||||||nn|n |
| 008 |
090916s2010 inu o 00 0 eng d |
| 010 |
|
|
|z 2009038253
|
| 020 |
|
|
|a 9780268093723
|
| 020 |
|
|
|z 9780268042356
|
| 020 |
|
|
|z 0268093725
|
| 020 |
|
|
|z 0268042357
|
| 035 |
|
|
|a (OCoLC)694144481
|
| 040 |
|
|
|a MdBmJHUP
|c MdBmJHUP
|
| 050 |
0 |
4 |
|a PR1868.N63
|b T73 2010
|
| 082 |
0 |
|
|a 821.1
|2 22
|
| 100 |
1 |
|
|a Travis, Peter W.
|
| 245 |
1 |
0 |
|a Disseminal Chaucer :
|b Rereading The Nun's Priest's Tale /
|c Peter W. Travis.
|
| 264 |
|
1 |
|a Notre Dame, Ind. :
|b University of Notre Dame Press,
|c 2010.
|
| 264 |
|
3 |
|a Baltimore, Md. :
|b Project MUSE,
|c 2012
|
| 264 |
|
4 |
|c ©2010.
|
| 300 |
|
|
|a 1 online resource (432 pages):
|b ill. ;
|
| 336 |
|
|
|a text
|b txt
|2 rdacontent
|
| 337 |
|
|
|a computer
|b c
|2 rdamedia
|
| 338 |
|
|
|a online resource
|b cr
|2 rdacarrier
|
| 504 |
|
|
|a Includes bibliographical references and index.
|
| 505 |
0 |
|
|a The nun's priest's body, or Chaucer's sexual genius -- The nun's priest's tale as grammar school primer, Menippean parody, and Ars poetica -- Close reading: beginnings and endings -- Chaucer's heliotropes and the poetics of metaphor -- The noise of history -- Chaucerian horologics and the confounded reader -- The parodistic episteme: learning to behold The fox.
|
| 588 |
|
|
|a Description based on print version record.
|
| 600 |
1 |
0 |
|a Chaucer, Geoffrey,
|d d. 1400.
|t Nun's priest's tale.
|
| 650 |
|
0 |
|a English poetry
|y Middle English, 1100-1500
|x History and criticism.
|
| 655 |
|
7 |
|a Electronic books.
|2 local
|
| 710 |
2 |
|
|a Project Muse.
|e distributor
|
| 830 |
|
0 |
|a Book collections on Project MUSE.
|
| 856 |
4 |
0 |
|z Texto completo
|u https://projectmuse.uam.elogim.com/book/6006/
|
| 945 |
|
|
|a Project MUSE - Custom Collection
|
| 945 |
|
|
|a Project MUSE - 2010 Literature
|
| 945 |
|
|
|a Project MUSE - 2010 Complete
|